Научное обеспечение развития производства зерна на Северо-Западе России (Запись № 9778596)

Подробности
000 -МАРКЕР
контрольное поле 02577nam0a2200337 i 4500
001 - ИДЕНТИФИКАТОР ЗАПИСИ
контрольное поле RU\NLR\BIBL_A\010414289
005 - ИДЕНТИФИКАТОР ВЕРСИИ
контрольное поле 20260408114034.0
010 ## - МЕЖДУНАРОДНЫЙ СТАНДАРТНЫЙ НОМЕР КНИГИ (ISBN)
Номер (ISBN) 9785990515239
021 ## - НОМЕР ГОСУДАРСТВЕННОЙ РЕГИСТРАЦИИ
Код страны Российская Федерация
Номер 2014-34475
Номер Листа государственной регистраци 2103
035 ## - ДРУГИЕ СИСТЕМНЫЕ НОМЕРА
Идентификатор записи (NILC)RuMoRGB-007491859
035 ## - ДРУГИЕ СИСТЕМНЫЕ НОМЕРА
Идентификатор записи (NLR Aleph) 010414289
100 ## - ДАННЫЕ ОБЩЕЙ ОБРАБОТКИ
Данные общей обработки 20140709d2014 k y0rusy50 ca
101 0# - ЯЗЫК РЕСУРСА
Язык текста, звукозаписи и т.д. русский
102 ## - СТРАНА ПУБЛИКАЦИИ ИЛИ ПРОИЗВОДСТВА
Страна публикации Российская Федерация
105 ## - ПОЛЕ КОДИРОВАННЫХ ДАННЫХ: ТЕКСТОВЫЕ МАТЕРИАЛЫ, МОНОГРАФИЧЕСКИЕ
Кодированные данные о монографическом текстовом документе a z 100yy
200 1# - ЗАГЛАВИЕ И СВЕДЕНИЯ ОБ ОТВЕТСТВЕННОСТИ
Основное заглавие Научное обеспечение развития производства зерна на Северо-Западе России
Сведения, относящиеся к заглавию [сборник научных трудов по материалам заседаний Президиума СЗРНЦ и научного координационного Совета по земледелию и растениеводству при СЗРНЦ в 2013 году ]
Первые сведения об ответственности Федеральное агентство науч. орг., Северо-Западный регион. науч. центр
Последующие сведения об ответственности [редкол.: В. Д. Попов и др.]
210 ## - ПУБЛИКАЦИЯ, РАСПРОСТРАНЕНИЕ И ДР.
Место издания, распространения и т.д. Санкт-Петербург, г. Пушкин
Имя издателя, распространителя и т. д. ГНУ Северо-Западный региональный научный центр
Дата издания, распространения и т.д. 2014
215 ## - ФИЗИЧЕСКАЯ ХАРАКТЕРИСТИКА
Специфическое обозначение материала и объем 108 с.
Другие сведения о физической характеристике ил.
Размеры 21
320 ## - ПРИМЕЧАНИЯ О НАЛИЧИИ В ДОКУМЕНТЕ БИБЛИОГРАФИИ / УКАЗАТЕЛЯ
Текст примечания Библиогр. в конце ст.
606 1# - НАИМЕНОВАНИЕ ТЕМЫ КАК ПРЕДМЕТ
Наименование темы Зерновые культуры
Формальный подзаголовок Сборники
Географический подзаголовок Российская Федерация
-- Северо-Запад
Системный номер авторитетной/нормативной записи 2225887
Идентификатор авторитетной/нормативной записи RU\NLR\AUTH\6601569148
686 1# - ИНДЕКСЫ ДРУГИХ КЛАССИФИКАЦИЙ
Индекс П212-4(2Р31,3)я43
702 #1 - ИМЯ ЛИЦА - ВТОРИЧНАЯ ОТВЕТСТВЕННОСТЬ
Код отношения Редактор
Материалы, к которым относится поле rus
Графика поля Кириллица
Начальный элемент ввода Попов
Часть имени, кроме начального элемента ввода В. Д.
Дополнения к именам, кроме дат д-р техн. наук, с.-х. производство
Даты 1949-
Расширение инициалов личного имени Владимир Дмитриевич
Идентификатор авторитетной/нормативной записи RU\NLR\AUTH\7723364
Системный номер авторитетной/нормативной записи 6417
711 02 - НАИМЕНОВАНИЕ ОРГАНИЗАЦИИ - АЛЬТЕРНАТИВНАЯ ОТВЕТСТВЕННОСТЬ
Начальный элемент ввода Российская академия сельскохозяйственных наук
Структурное подразделение Северо-Западный региональный научный центр
-- Президиум
Системный номер авторитетной/нормативной записи 413957
Идентификатор авторитетной/нормативной записи RU\NLR\AUTH\880373753
711 02 - НАИМЕНОВАНИЕ ОРГАНИЗАЦИИ - АЛЬТЕРНАТИВНАЯ ОТВЕТСТВЕННОСТЬ
Начальный элемент ввода Российская академия сельскохозяйственных наук
Структурное подразделение Северо-Западный региональный научный центр
-- Научный координационный совет по земледелию и растениеводству
Системный номер авторитетной/нормативной записи 413959
Идентификатор авторитетной/нормативной записи RU\NLR\AUTH\880373754
712 02 - НАИМЕНОВАНИЕ ОРГАНИЗАЦИИ - ВТОРИЧНАЯ ОТВЕТСТВЕННОСТЬ
Код отношения Прочие
Начальный элемент ввода Российская академия сельскохозяйственных наук
Структурное подразделение Северо-Западный региональный научный центр
Идентификатор авторитетной/нормативной записи RU\NLR\AUTH\880367624
Системный номер авторитетной/нормативной записи 401925
801 #0 - ИСТОЧНИК ЗАПИСИ
Страна Российская Федерация
Организация РГБ
Дата составления 20140519
Правила каталогизации RCR
942 ## - ДОПОЛНИТЕЛЬНЫЕ ЭЛЕМЕНТЫ ЗАПИСИ (АБИС)
Тип экземпляра АБИС Книга
980 ## - КОЛЛЕКЦИЯ
Название коллекции НБР

Нет доступных экземпляров.